A TEXT BOOK OF PHARMACOGNOSY AND PHYTOCHEMISTRY- I (Record no. 5966)

MARC details
000 -LEADER
fixed length control field 00442nam a22001577a 4500
005 - DATE AND TIME OF LATEST TRANSACTION
control field 20240108163316.0
008 - FIXED-LENGTH DATA ELEMENTS--GENERAL INFORMATION
fixed length control field 190621b xxu||||| |||| 00| 0 eng d
020 ## - INTERNATIONAL STANDARD BOOK NUMBER
ISBN 978-93-88706-12-4
041 ## - LANGUAGE CODE
Language code of text/sound track or separate title eng
100 ## - MAIN ENTRY--AUTHOR NAME
Personal name SHUKLA, DR. PADMINI .,ALOK,DR.SHASHI.,SHUKLA,DR. PRABODH
245 ## - TITLE STATEMENT
Title A TEXT BOOK OF PHARMACOGNOSY AND PHYTOCHEMISTRY- I
250 ## - EDITION STATEMENT
Edition statement 1st, 2019
260 ## - PUBLICATION, DISTRIBUTION, ETC. (IMPRINT)
Place of publication PUNE
Name of publisher NIRALI PRAKASHAN
300 ## - PHYSICAL DESCRIPTION
Number of Pages 19.6p,
942 ## - ADDED ENTRY ELEMENTS (KOHA)
Koha item type Books
Holdings
Lost status Damaged status Collection code Home library Current library Shelving location Date acquired Source of acquisition Cost, normal purchase price Accession Number Koha item type
    PHARMACY JRU Library JRU Library Shelf - 25- D 21/06/2019 PURCHESS 150.00 22597 Books
    PHARMACY JRU Library JRU Library Shelf - 25- D 21/06/2019 PURCHESS 150.00 22598 Books
    Reference JRU Library JRU Library SHELF-4-B 21/06/2019 PURCHESS 150.00 22599 Books